The Bible in African Christianity : (Record no. 4878)
[ view plain ]
| 000 -LEADER | |
|---|---|
| fixed length control field | 00682nam a22002172 4500 |
| 001 - CONTROL NUMBER | |
| control field | 0000000729 |
| 005 - DATE AND TIME OF LATEST TRANSACTION | |
| control field | 20151217151755.0 |
| 008 - FIXED-LENGTH DATA ELEMENTS--GENERAL INFORMATION | |
| fixed length control field | 070216s xx 000 0 eng d |
| 020 ## - INTERNATIONAL STANDARD BOOK NUMBER | |
| Terms of availability | KES 500 |
| 040 ## - CATALOGING SOURCE | |
| Original cataloging agency | KABU |
| Transcribing agency | KABU |
| 050 #0 - LIBRARY OF CONGRESS CALL NUMBER | |
| Classification number | BS543 |
| Item number | .B53 1997 |
| 245 14 - TITLE STATEMENT | |
| Title | The Bible in African Christianity : |
| Remainder of title | essays in biblical theology / |
| Statement of responsibility, etc. | edited by H. W. Kinoti and J. M. Waliggo. |
| 260 ## - PUBLICATION, DISTRIBUTION, ETC. (IMPRINT) | |
| Place of publication, distribution, etc. | Nairobi : |
| Name of publisher, distributor, etc. | Acton, |
| Date of publication, distribution, etc. | 1997. |
| 300 ## - PHYSICAL DESCRIPTION | |
| Extent | 209 p. |
| 650 #0 - SUBJECT ADDED ENTRY--TOPICAL TERM | |
| Topical term or geographic name as entry element | Bible |
| General subdivision | Theology. |
| -- | 0000149371 |
| 700 1# - ADDED ENTRY--PERSONAL NAME | |
| Personal name | Kinoti, Hannah W. |
| Relator term | ed. |
| -- | 0000159910 |
| 700 1# - ADDED ENTRY--PERSONAL NAME | |
| Personal name | Waliggo, John M. |
| Relator term | ed. |
| -- | 0000159911 |
| 908 ## - PUT COMMAND PARAMETER (RLIN) | |
| Put command parameter | 070216 |
| 950 ## - LOCAL HOLDINGS (RLIN) | |
| -- | 1 |
| Withdrawn status | Lost status | Source of classification or shelving scheme | Not for loan | Home library | Current library | Date acquired | Total Checkouts | Full call number | Barcode | Date last seen | Price effective from | Koha item type |
|---|---|---|---|---|---|---|---|---|---|---|---|---|
| Library of Congress Classification | Kabarak, Main Campus | Kabarak, Main Campus | 17/12/2015 | BS543 .B53 1997 | 001465 | 02/08/2024 | 17/12/2015 | General Collection |